01407nam a2200325 a 4500001001200000003000800012006001900020007001500039008004100054020001800095020002700113040002100140035002100161050002400182100001900206245022000225260003700445300003500482500004700517500002000564533015200584650004600736650004800782650004400830650001800874655002900892710001700921856012600938999001701064ebr10714609CaPaEBRm o u cr cn|||||||||130606s2013 enka s 001 0 eng d z9781849685764 z9781849685771 (e-book) aCaPaEBRcCaPaEBR a(OCoLC)84991902314aHD38.7b.C87 2013eb1 aCurran, Terry.10aIBM Cognos 10 framework managerh[electronic resource] :ba comprehensive, practical guide to using this essential tool for modeling your data for use with IBM Cognos Business Intelligence Reporting /cTerry Curran. aBirmingham :bPackt Pub.,c2013. aiv, 169 p. :bill. (some col.) a"Professional expertise distilled"--Cover. aIncludes index. aElectronic reproduction.bPalo Alto, Calif. :cebrary,d2013.nAvailable via World Wide Web.nAccess may be limited to ebrary affiliated libraries. 0aBusiness intelligencexComputer programs. 0aBusiness report writingxComputer programs. 0aDatabase managementxComputer programs. 0aIBM software. 7aElectronic books.2local2 aebrary, Inc.40uhttp://site.ebrary.com/lib/rucke/Doc?id=10714609zAn electronic book accessible through the World Wide Web; click to view c16605d16605